Statistiche per Record di Gol per ogni squadra di Serie A

Clicka qui per fare il quiz!

Statistiche generali

  • Questo quiz è stato fatto 17 volte
  • Il punteggio medio è 19 su 74

Statistiche sulle risposte

SquadraGolNazioneAnniCalciatore% Corretto
Roma250Italia1992-2017Francesco Totti
100%
Juventus188Italia1993-2012Alessandro Del Piero
88%
Lazio168Italia2016-Ciro Immobile
81%
Sassuolo122Italia2013-Domenico Berardi
81%
Napoli113Belgio2013-2022Dries Mertens
81%
Fiorentina152Argentina1991-2000Gabriel Batistuta
81%
Udinese191Italia2004-2016Antonio Di Natale
75%
Cagliari156Italia1964-1976Gigi Riva
75%
Chievo112Italia2002-2019Sergio Pellissier
75%
Atalanta69Colombia2018-2023Duván Zapata
69%
Palermo74Italia2007-2013Fabrizio Miccoli
63%
Inter197Italia1929-1947Giuseppe Meazza
63%
Milan210Svezia1948-1956Gunnar Nordahl
63%
Sampdoria132Italia1982-1997Roberto Mancini
63%
Salernitana20Senegal2022-Boulaye Dia
56%
Verona48Italia2013-2016Luca Toni
56%
Crotone30Nigeria2016-2021Nwankwo Simy
56%
Livorno73Italia2004-2010Cristiano Lucarelli
50%
Parma72Argentina1996-2012Hernán Crespo
50%
Empoli28Italia2014-2017Massimo Maccarone
50%
Siena46Italia2005-2010Massimo Maccarone
50%
Spezia26Angola2020-2023M'Bala Nzola
50%
Brescia45Italia2000-2004Roberto Baggio
44%
Atalanta69Italia2000-2012Cristiano Doni
38%
Benevento8Perù2020-2021Gianluca Lapadula
38%
Pro Vercelli51Italia1929-1934Silvio Piola
38%
Novara70Italia1948-1954Silvio Piola
38%
Monza12Italia2022-Andrea Colpani
25%
Frosinone14Italia2015-2019Daniel Ciofani
25%
Lecce32Uruguay2001-2012Ernesto Chevantón
25%
Catania35Argentina2011-2014Gonzalo Bergessio
25%
Piacenza38Italia2001-2003Dario Hübner
19%
Torino134Italia1968-1982Paolino Pulici
19%
Bari31Italia1994-1996Igor Protti
13%
Carpi5Italia2015-2016Kevin Lasagna
13%
Treviso5Italia2005-2006Marco Borriello
13%
Lecco14Italia1961-1962Beniamino Di Giacomo
6%
Pescara12Italia1992-1993Massimiliano Allegri
6%
Ancona12Italia1992-1993Massimo Agostini
6%
Cesena22Italia1988-1990Massimo Agostini
6%
Reggina40Italia2005-2008Nicola Amoruso
6%
Sampierdarenese28Italia1936-1940Angelo Bollano
0%
Mantova29Italia1961-1963Angelo Sormani
0%
Pro Patria37Italia1947-1950Angelo Turconi
0%
Messina24Italia2004-2007Arturo Di Napoli
0%
Bologna141Italia1930-1943Carlo Reguzzoni
0%
Benevento8Mali2017-2018Cheick Diabaté
0%
Foggia18Italia1964-1967Cosimo Nocera
0%
Reggina40Italia1999-2009Francesco Cozza
0%
Modena28Italia1947-1949Francesco Pernigo
0%
Venezia45Italia1939-1947Francesco Pernigo
0%
Ascoli16Italia1981-1988Giuseppe Greco
0%
Cremonese28Argentina1989-1994Gustavo Dezotti
0%
Foggia18Russia1991-1995Igor' Kolyvanov
0%
Pisa19Danimarca1982-1986Klaus Berggreen
0%
Vicenza68Brasile1962-1968Luís Vinício
0%
Casale27Italia1930-1934Mario Celoria
0%
Catanzaro37Italia1976-1981Massimo Palanca
0%
Reggiana17Italia1993-1995Michele Padovano
0%
Legnano11Italia1953-1954Nereo Manzardo
0%
Triestina62Italia1929-1937Nereo Rocco
0%
Ternana6Italia1972-1975Nicola Traini
0%
SPAL47Argentina1959-1968Oscar Massei
0%
Varese11Italia1967-1968Pietro Anastasi
0%
Avellino22Argentina1983-1986Ramón Díaz
0%
Treviso5Brasile2005-2006Reginaldo
0%
Alessandria67Italia1929-1935Renato Cattaneo
0%
Padova50Italia1957-1960Sergio Brighenti
0%
Genoa57Repubblica Ceca1990-1995Tomáš Skuhravý
0%
Lucchese34Italia1947-1949Ugo Conti
0%
Pistoiese9Italia1980-1981Vito Chimenti
0%
Como32Italia1949-1953Vittorio Ghiandi
0%
Ascoli16Brasile1987-1990Walter Casagrande
0%
Perugia25Grecia2000-2003Zīsīs Vryzas
0%

Distribuzione punteggi

Percentile per numero di risposta

Percentuale di utenti per punteggio

I tuoi punteggi nel tempo

Non hai fatto questo quiz